| 000 | 00716nam a22002057a 4500 | ||
|---|---|---|---|
| 003 | 0 | ||
| 005 | 20240822144236.0 | ||
| 008 | 240822b xxu||||| |||| 00| 0 eng d | ||
| 020 | _a978-1-119-90469-4 | ||
| 050 |
_aQP 360.5 _b.D44 2023 |
||
| 100 | _ade Haan, Michelle | ||
| 245 |
_aDevelopmental cognitive neuroscience _ban introduction _cMichelle de Haan [and two others] |
||
| 250 | _aFifth edition | ||
| 260 |
_aHoboken, New Jersey _bJohn Wiley & Sons, Inc., _c2023 |
||
| 300 |
_axxiii, 295 pages : _bcolored illustrations and pictures ; _c25cm. |
||
| 504 | _aIncludes bibliographical references and index. | ||
| 650 | _aCognitive neuroscience. | ||
| 650 | _aDevelopmental psychology. | ||
| 942 |
_2lcc _cBK |
||
| 999 |
_c366150 _d366150 |
||